| 000 | 00456nam a2200157 a 4500 | ||
|---|---|---|---|
| 001 | 2862 | ||
| 003 | CDMR | ||
| 005 | 20130320111202.0 | ||
| 008 | 130130s1999||||||||||||||||||||||||||||d | ||
| 020 | _a8429746218 | ||
| 040 |
_aCDMR _bcat _cCDMR |
||
| 100 | 1 |
_9417 _aGuillamet, Jaume |
|
| 245 | 1 | 0 |
_aMemòria de Just _b: Just Manuel Casero Madrid (Abrantes, Portugal, 1946 - Girona 1981) _cJaume Guillamet |
| 260 |
_aBarcelona _c1999 _bEdicions 62 |
||
| 942 |
_cMON _2udc |
||
| 999 |
_c2862 _d2862 |
||